La mujer ante el socialismo / (Registro nro. 192934)

Detalles MARC
000 -LEADER
campo de control de longitud fija 01370nam a2200385 i 4500
001 - NÚMERO DE CONTROL
campo de control 192934
003 - IDENTIFICADOR DE NÚMERO DE CONTROL
campo de control SpMaBN
005 - FECHA Y HORA DE LA ÚLTIMA TRANSACCIÓN
campo de control 20250727062621.0
007 - CAMPO FIJO DE DESCRIPCIÓN FÍSICA--INFORMACIÓN GENERAL
campo de control de longitud fija ta
008 - DATOS DE LONGITUD FIJA--INFORMACIÓN GENERAL
campo de control de longitud fija 230709s1893 sp 000 0 spa
016 7# - NÚMERO DE CONTROL DE UNA AGENCIA BIBLIOGRÁFICA NACIONAL
Número de control del registro bimoBNE20010213028
Número de control cancelado/no válido BNPAB00134363
Fuente SpMaBN
035 ## - NÚMERO DE CONTROL DEL SISTEMA
Número de control de sistema (OCoLC)434331403
035 ## - NÚMERO DE CONTROL DEL SISTEMA
Número de control de sistema Mimo0001652180
040 ## - FUENTE DE CATALOGACIÓN
Centro catalogador/agencia de origen SpMaBN
Lengua de catalogación spa
Centro/agencia transcriptor PAB
Centro/agencia modificador SpMaBN
080 ## - NÚMERO DE LA CLASIFICACIÓN DECIMAL UNIVERSAL
Número de la Clasificación Decimal Universal 308-055.2(091)
080 ## - NÚMERO DE LA CLASIFICACIÓN DECIMAL UNIVERSAL
Número de la Clasificación Decimal Universal 141.82
080 ## - NÚMERO DE LA CLASIFICACIÓN DECIMAL UNIVERSAL
Número de la Clasificación Decimal Universal 305
Identificador de la edición summary
100 0# - ENTRADA PRINCIPAL--NOMBRE DE PERSONA
Nombre de persona Bebel, August,
Fechas asociadas al nombre 1840-1913
Número de control del registro de autoridad o número normalizado XX1200602
9 (RLIN) 26857
245 13 - MENCIÓN DEL TÍTULO
Título La mujer ante el socialismo /
Mención de responsabilidad, etc. por Augusto Bebel
260 ## - PUBLICACIÓN, DISTRIBUCIÓN, ETC.
Lugar de publicación, distribución, etc. Madrid :
Nombre del editor, distribuidor, etc. Biblioteca de la mujer,
Fecha de publicación, distribución, etc. [ca. 1893]
300 ## - DESCRIPCIÓN FÍSICA
Extensión 319 p. ;
Dimensiones 17 cm
336 ## - TIPO DE CONTENIDO
Término de tipo de contenido Texto (visual)
Fuente isbdcontent
337 ## - TIPO DE MEDIO
Nombre/término del tipo de medio sin mediación
Fuente isbdmedia
338 ## - TIPO DE SOPORTE
Fuente rdacarrier
Nombre/término del tipo de soporte volumen
490 1# - MENCIÓN DE SERIE
Mención de serie Biblioteca de la mujer / dirigida por Emilia Pardo Bazán
Designación de volumen o secuencia t. 9
500 ## - NOTA GENERAL
Nota general En portada aparece numerado con el n. 10 de la serie, se trata en realidad del n. 9
650 #7 - PUNTO DE ACCESO ADICIONAL DE MATERIA--TÉRMINO DE MATERIA
Término de materia o nombre geográfico como elemento de entrada Mujeres
Subdivisión general Situación social
Subdivisión de forma Historia
Fuente del encabezamiento o término embne
9 (RLIN) 167789
650 #7 - PUNTO DE ACCESO ADICIONAL DE MATERIA--TÉRMINO DE MATERIA
Término de materia o nombre geográfico como elemento de entrada Socialismo
Fuente del encabezamiento o término embne
9 (RLIN) 17147
830 ## - PUNTO DE ACCESO ADICIONAL DE SERIE-TÍTULO UNIFORME
Título uniforme Biblioteca de la mujer
9 (RLIN) 233646
856 41 - LOCALIZACIÓN Y ACCESO ELECTRÓNICOS
Identificador Uniforme de Recursos <a href="http://bdh-rd.bne.es/viewer.vm?id=0000252704&page=1">http://bdh-rd.bne.es/viewer.vm?id=0000252704&page=1</a>
Texto de enlace Biblioteca Digital Hispánica
942 ## - ELEMENTOS DE ENTRADA SECUNDARIOS (KOHA)
Suprimir en OPAC No
Tipo de ítem Koha Libro impreso
956 ## - LOCALIZACIÓN Y ACCESO ELECTRÓNICOS LOCAL (OCLC)
Nombre del host 2
Existencias
Estatus retirado Estado de pérdida Estado de daño No para préstamo Colección Biblioteca de origen Biblioteca actual Ubicación en estantería Fecha de adquisición Fuente de adquisición Total de préstamos Signatura topográfica completa Código de barras Visto por última vez Precio de reemplazo Tipo de ítem Koha
        Colección digital Biblioteca del Ateneo de Madrid Biblioteca del Ateneo de Madrid Depósito 2 17/01/2008     F-2905 1158375 23/02/2023 23/02/2023 Libro impreso antiguo